000 00666nam a2200205Ia 4500
003 GCL
008 140319s9999 xx 000 0 ara d
040 _aGCL /
_cGCL
082 0 4 _a819.9
_bع ع
100 1 _aعباس محمود العقاد
245 1 0 _aعبقرية خالد /
_cعباس محمود العقاد
260 _aالقاهرة :
_bدار الهلال للطباعة والنشر ،
_c1952
300 _a207 ص ؛
_c20 سم
490 _aكتاب الهلال
_v15
650 0 4 _aالاسلام - تراجم
650 0 4 _aالصحابة والتابعون
650 0 4 _aالقادة
650 0 4 _aخالد بن الوليد
942 _2ddc
_cBK
999 _c47179
_d47179